000 004410000a22001690004500
003 MACL
005 20151227154251.0
008 151227b xxu||||| |||| 00| 0 eng d
040 _aMACL
_cmacl
041 _aEnglish
082 _a030/RHY
100 _aWright, Walter P
_923460
245 _aAn Illustrated Encyclopeadia of Gardening
260 _bJ M Dent & Sons LTD
_aLondon
650 _aEncyclopaedia
_923461
942 _cBK
_k030/RHY
_2ddc
999 _c37048
_d37048